ნორმალური ფორმატი
MARC ფორმატი
ჩანაწერი Personal Name
ჩანაწერთა რაოდენობა, რომელიც გამოყენებულია: 1
001 - CONTROL NUMBER
- control field: 13940
003 - CONTROL NUMBER IDENTIFIER
- control field: GE_BSU
005 - DATE AND TIME OF LATEST TRANSACTION
- control field: 20220601132559.0
008 - FIXED-LENGTH DATA ELEMENTS
- fixed length control field: 220601|| aca||aabn | a|a d
040 ## - CATALOGING SOURCE
- Original cataloging agency: GE_BSU
- Transcribing agency: GE_BSU
100 ## - HEADING--PERSONAL NAME
- Personal name: დუმბაძე, ს. (სოსო),
- Relator term: გამომცემელი
670 ## - SOURCE DATA FOUND
- Source citation: Work cat.: (GE_BSU): დუმბაძე, დ. (დევი) 13938, იდეოლოგია და არარეგლამენტირებული გამოცდილება :
